Gaming Quiz

Random Gaming or Video Games Quiz

'Breath of The Wild' World Regions Quiz Stats

 Plays Quiz Updated Jan 29, 2018

Support Sporcle.
Go Orange.
Score 0/15 Timer 05:00
2 Plays Today
% Correct
Central Hyrule
86.7%
Great Hyrule Forest
75%
Gerudo Highlands
74%
Eldin
73.3%
Gerudo Wasteland
72.8%
Hebra
70.4%
Akkala
67.6%
Great Plateau
67%
% Correct
Dueling Peaks
65.9%
Lake
64.9%
Hateno
63.3%
Ridgeland
63.2%
Lanayru
60.6%
Faron
59.7%
Tabantha
58.5%

From the Vault

NBA Teams Point Leaders (2000s)

by wisedrunker

Sports 15m
I always love the ranges on these quizzes, you either need a couple thousand points or ten thousand to make the list.
Remove Ads.
Support Sporcle.
Get the best of Sporcle when you Go Orange. This ad-free experience offers more features, more stats, and more fun while also helping to support Sporcle. Thank you for becoming a member.

Show Comments

Extras

Top Quizzes Today


Score Distribution

Your Account Isn't Verified!

In order to create a playlist on Sporcle, you need to verify the email address you used during registration. Go to your Sporcle Settings to finish the process.

Report this User

Report this user for behavior that violates our Community Guidelines.

Details: